000 00505cam a22001934a 4500
005 20250605164306.0
008 250528s ||||||||||||||||||||||||d
035 _a22254
020 _a9781841696904
040 _aGR-AtMCL
_bgre
_dGR-AtMCL
_eAACR2
245 1 _aQUANTITATIVE PSYCHOLOGICAL RESEARCH / THE COMPLETE STUDENT'S COMPANION
250 _a3
260 _bPsychology Press,
_c2010
300 _a694
700 1 _aClark-Carter David
_9315
942 _cBK
999 _c7310
_d7310